[Event "September Lviv Tradition 2016 (IM-group)"]
[Site "Lviv"]
[Date "2016.09.28"]
[Round "5.3"]
[White "Tokranovs, Dmitrijs"]
[Black "Grekh, Andrey"]
[Result "1/2-1/2"]
[WhiteElo "2265"]
[BlackElo "2368"]
[PlyCount "65"]
[EventDate "2016.09.26"]

1. e4 c5 2. c3 d5 3. exd5 Qxd5 4. d4 Nf6 5. Nf3 e6 6. Be2 Be7 7. O-O cxd4 8. c4
Qd6 9. Nxd4 a6 10. Nc3 O-O 11. Be3 Rd8 12. Qc2 Nc6 13. Rfd1 Nxd4 14. Bxd4 Qc7
15. b3 e5 16. Be3 Be6 17. Bf3 Rac8 18. Rxd8+ Bxd8 19. Rd1 Be7 20. a4 b6 21. Qd3
Rd8 22. Nd5 Bxd5 23. cxd5 Bc5 24. Rc1 Qd6 25. Bxc5 bxc5 26. Qc4 e4 27. Bxe4
Nxe4 28. Qxe4 Qxd5 29. Qxd5 Rxd5 30. b4 Kf8 31. bxc5 Ke7 32. g3 Kd7 33. Rb1 $11
1/2-1/2

[Event "September Lviv Tradition 2016 (IM-group"]
[Site "?"]
[Date "2016.09.28"]
[Round "5.4"]
[White "Bogdanov, Egor"]
[Black "Bondarets, Vadim"]
[Result "1-0"]
[WhiteElo "2411"]
[BlackElo "2279"]
[PlyCount "35"]
[EventDate "2016.??.??"]

1. e4 d6 2. d4 Nf6 3. Nc3 g6 4. Nf3 Bg7 5. Bc4 Nxe4 6. Bxf7+ Kxf7 7. Nxe4 Rf8
8. h4 h6 9. h5 g5 10. Nfxg5+ hxg5 11. h6 Bf6 12. Qh5+ Ke6 13. h7 Rh8 14. Bxg5
Qe8 15. Qxe8 Rxe8 16. Bxf6 exf6 17. h8=Q Rxh8 18. Rxh8 1-0

[Event "September Lviv Tradition 2016 (IM-group"]
[Site "?"]
[Date "2016.09.28"]
[Round "5.5"]
[White "Rozycki, Bartlomiej"]
[Black "Soroka, Danylo"]
[Result "1/2-1/2"]
[WhiteElo "2140"]
[BlackElo "2235"]
[PlyCount "69"]
[EventDate "2016.??.??"]

1. e4 Nf6 2. e5 Nd5 3. d4 d6 4. Nf3 dxe5 5. Nxe5 c6 6. c4 Nc7 7. Be2 g6 8. Nc3
Bg7 9. Be3 Nd7 10. Nd3 O-O 11. f4 b5 12. Bf3 bxc4 13. Nb4 Bb7 14. Bxc6 a5 15.
Bxb7 axb4 16. Bxa8 Qxa8 17. Ne2 Qxg2 18. Rg1 Qe4 19. Qd2 Nd5 20. Kf2 Bf6 21.
Ng3 Bh4 22. Rge1 c3 23. bxc3 bxc3 24. Qc1 N7f6 25. Kg1 Bxg3 26. hxg3 Ng4 27.
Bf2 Qf5 28. Kg2 Rb8 29. Rb1 Rxb1 30. Qxb1 Qh5 31. Rh1 Nge3+ 32. Bxe3 Nxe3+ 33.
Kf2 Ng4+ 34. Ke2 Qd5 35. Rc1 $11 1/2-1/2

[Event "September Lviv Tradition 2016 (IM-group"]
[Site "?"]
[Date "2016.09.28"]
[Round "5.6"]
[White "Rydstrom, Tom"]
[Black "Goluch, Piotr"]
[Result "1-0"]
[WhiteElo "2307"]
[BlackElo "2330"]
[PlyCount "83"]
[EventDate "2016.??.??"]

1. e4 c6 2. Nc3 d5 3. Nf3 Bg4 4. h3 Bxf3 5. Qxf3 e6 6. d3 Nd7 7. Bd2 Ngf6 8. g4
h6 9. h4 Qb6 10. g5 hxg5 11. hxg5 Ne5 12. Qg2 Rxh1 13. Qxh1 Nfd7 14. f4 Ng6 15.
f5 exf5 16. exd5 O-O-O 17. O-O-O Nge5 18. dxc6 bxc6 19. Kb1 Ng4 20. Qf3 g6 21.
Na4 Qb5 22. d4 Qxa4 23. b3 Nde5 24. dxe5 Qd4 25. Qxc6+ Kb8 26. Bg2 Qb6 27. Qa8+
Kc7 28. Qxd8+ Kxd8 29. Ba5+ Kc7 30. Bxb6+ axb6 31. Re1 Be7 32. Bd5 Bxg5 33.
Bxf7 Bh4 34. Rh1 g5 35. e6 Nf6 36. Rd1 g4 37. e7 Ne4 38. e8=Q Nc3+ 39. Kb2
Nxd1+ 40. Kc1 Nf2 41. Qe5+ Kd8 42. Qh8+ 1-0

[Event "September Lviv Tradition 2016 (IM-group"]
[Site "?"]
[Date "2016.09.29"]
[Round "6.1"]
[White "Shkuran, Danylo"]
[Black "Goluch, Piotr"]
[Result "1-0"]
[WhiteElo "2449"]
[BlackElo "2330"]
[PlyCount "53"]
[EventDate "2016.??.??"]

1. Nf3 Nf6 2. g3 g6 3. Bg2 Bg7 4. O-O O-O 5. d4 d6 6. Nc3 Nbd7 7. e4 e5 8. Re1
Re8 9. h3 c6 10. a4 a5 11. Be3 Qc7 12. Qd2 exd4 13. Nxd4 Ne5 14. b3 b6 15. f4
Ned7 16. Ndb5 cxb5 17. Nxb5 Qb8 18. Nxd6 Re6 19. Rad1 Rxd6 20. Qxd6 Qxd6 21.
Rxd6 Ne8 22. e5 Nxd6 23. Bxa8 Nf5 24. Bf2 Bf8 25. Rd1 Be7 26. g4 Ng7 27. Bb7
1-0

[Event "September Lviv Tradition 2016 (IM-group"]
[Site "?"]
[Date "2016.09.29"]
[Round "6.2"]
[White "Soroka, Danylo"]
[Black "Rydstrom, Tom"]
[Result "1-0"]
[WhiteElo "2235"]
[BlackElo "2307"]
[PlyCount "105"]
[EventDate "2016.??.??"]

1. d4 d5 2. Nf3 Nf6 3. c4 c6 4. Nc3 e6 5. e3 Nbd7 6. Bd3 dxc4 7. Bxc4 b5 8. Bd3
a6 9. e4 c5 10. d5 c4 11. Bc2 Nc5 12. O-O Bb7 13. Re1 Qb6 14. Be3 Rc8 15. dxe6
fxe6 16. e5 Ng4 17. Bd4 Rd8 18. Ng5 Qc6 19. Nce4 Nxf2 20. Qh5+ g6 21. Qf3 Rxd4
22. Qf7+ Kd8 23. Qxf2 Rxe4 24. Bxe4 Nxe4 25. Nxe4 Kc7 26. Rad1 Bb4 27. Re2 Rf8
28. Qh4 Qb6+ 29. Kh1 Qd4 30. Rg1 Qd3 31. Nc3 Kb8 32. Qe1 Rf5 33. Rd2 Qh3 34.
Rd8+ Kc7 35. Qd1 Qh4 36. Rd7+ Kc8 37. Rxb7 Kxb7 38. Qd7+ Kb6 39. Qxe6+ Ka5 40.
Nd5 Bc5 41. Qc6 Qf2 42. Qc7+ Bb6 43. b4+ Ka4 44. Nxb6+ Kxb4 45. Qd6+ Kc3 46.
Nd5+ Kc2 47. Qb4 Kd3 48. Qb1+ Kd4 49. Rd1+ Kxe5 50. Qa1+ Ke6 51. Nc7+ Ke7 52.
Qg7+ Rf7 53. Qe5+ 1-0

[Event "September Lviv Tradition 2016 (IM-group)"]
[Site "Lviv"]
[Date "2016.09.29"]
[Round "6.3"]
[White "Bondarets, Vadim"]
[Black "Rozycki, Bartlomiej"]
[Result "1-0"]
[WhiteElo "2279"]
[BlackElo "2140"]
[PlyCount "93"]
[EventDate "2016.09.26"]

1. c4 e5 2. Nc3 Nf6 3. Nf3 Nc6 4. e4 d6 5. d4 exd4 6. Nxd4 g6 7. Be2 Bg7 8. Nc2
O-O 9. O-O Ne8 10. Be3 f5 11. exf5 Bxf5 12. Nd4 Nxd4 13. Bxd4 c6 14. Bxg7 Kxg7
15. Qd2 Qf6 16. Rad1 Rd8 17. Bf3 Nc7 18. Qe3 Ra8 19. Rd2 Rfe8 20. Qd4 Qxd4 21.
Rxd4 Rad8 22. Rfd1 Ne6 23. Rxd6 Rxd6 24. Rxd6 Nd4 25. Be4 Ne2+ 26. Kf1 Nxc3 27.
Bxf5 Na4 28. Bc2 Nxb2 29. Bb3 Re4 30. f3 Rh4 31. Rd7+ Kh6 32. Kf2 Nxc4 33. Kg3
Kg5 34. Rxb7 Nd6 35. Rxa7 Nf5+ 36. Kf2 Rxh2 37. Ra4 Rh4 38. Rxh4 Kxh4 39. a4
Nd6 40. a5 c5 41. a6 Nb5 42. Ke3 Kg3 43. Kd3 Kxg2 44. Kc4 Na7 45. Kxc5 h5 46.
Be6 h4 47. Kb6 1-0

[Event "September Lviv Tradition 2016 (IM-group"]
[Site "?"]
[Date "2016.09.29"]
[Round "6.3"]
[White "Grekh, Andrey"]
[Black "Bogdanov, Egor"]
[Result "1/2-1/2"]
[WhiteElo "2368"]
[BlackElo "2411"]
[PlyCount "175"]
[EventDate "2016.??.??"]

1. e4 c5 2. Nf3 d6 3. d4 cxd4 4. Nxd4 Nf6 5. Nc3 g6 6. f3 Bg7 7. Be3 O-O 8. Qd2
Nc6 9. O-O-O d5 10. Kb1 Rb8 11. b3 e6 12. g4 e5 13. Nxc6 bxc6 14. exd5 Nxd5 15.
Nxd5 cxd5 16. Qxd5 Qxd5 17. Rxd5 Bb7 18. Rc5 Bxf3 19. Rg1 Rfc8 20. Rxc8+ Rxc8
21. Bxa7 e4 22. Be3 Be5 23. Bg2 Rc3 24. Bd2 Bd4 25. Bxf3 Bxg1 26. Bxe4 Rh3 27.
b4 Rxh2 28. Kc1 Rh4 29. Bf3 Rh3 30. Bd5 h5 31. gxh5 gxh5 32. a4 h4 33. a5 Bd4
34. c4 Rg3 35. b5 h3 36. b6 h2 37. Kc2 Rg1 38. b7 Ba7 39. c5 Bb8 40. c6 h1=Q
41. Bxh1 Rxh1 42. Be3 Rh2+ 43. Kd3 Rh3 44. a6 Kf8 45. a7 Rxe3+ 46. Kd2 Bxa7 47.
c7 Re8 48. c8=Q Bb8 49. Kd3 Ke7 50. Ke4 Rd8 51. Kf5 Rd5+ 52. Kg4 Rd4+ 53. Kf3
Rd3+ 54. Ke4 Rd8 55. Qc5+ Bd6 56. Qb5 Rg8 57. Kf5 Rh8 58. Qc6 Rh5+ 59. Kg4 Rh8
60. Kg5 Rd8 61. Kf5 Rh8 62. Qc3 Rh5+ 63. Kg4 Rb5 64. Qc6 Rb4+ 65. Kf3 f5 66.
Ke2 f4 67. Kd2 Rb2+ 68. Kc1 Rb4 69. Kc2 Ke6 70. Kc3 Ke7 71. Kd3 Ke6 72. Ke2
Rb2+ 73. Kf3 Rb3+ 74. Kg4 Rb4 75. Qe8+ Kd5 76. Qd7 Kc5 77. Kf5 f3 78. Qc8+ Kd5
79. Qe6+ Kc6 80. Qc8+ Kd5 81. Qa8 Kc5 82. Ke6 f2 83. Qc8+ Kd4 84. Qh8+ Ke3 85.
Qc3+ Ke2 86. Qc2+ Kf3 87. Qd3+ Kg2 88. Qxd6 1/2-1/2

[Event "September Lviv Tradition 2016 (IM-group"]
[Site "?"]
[Date "2016.09.29"]
[Round "6.4"]
[White "Bykovskiy, Oleg"]
[Black "Tokranovs, Dmitrijs"]
[Result "1/2-1/2"]
[WhiteElo "2312"]
[BlackElo "2265"]
[PlyCount "149"]
[EventDate "2016.??.??"]

1. d4 d6 2. e4 Nf6 3. Bd3 Nbd7 4. Nf3 g6 5. e5 Nd5 6. O-O Bg7 7. Re1 O-O 8. Bd2
dxe5 9. dxe5 Nc5 10. Bf1 a5 11. Nc3 Nxc3 12. Bxc3 Na4 13. Qd4 Nxc3 14. Qxc3 c6
15. Rad1 Qc7 16. h3 Be6 17. Ng5 Bf5 18. g4 Bc8 19. f4 h6 20. Ne4 Be6 21. Bc4
Qb6+ 22. Kg2 Bxc4 23. Qxc4 Qxb2 24. Rb1 b5 25. Rxb2 bxc4 26. Rb6 Rfc8 27. Rb7
Bf8 28. Kf3 a4 29. Reb1 a3 30. R1b4 Ra5 31. Rxc4 g5 32. Rb6 gxf4 33. Kxf4 Bg7
34. Rc5 Rxc5 35. Nxc5 f6 36. e6 f5 37. Nd7 fxg4 38. hxg4 Kh7 39. c4 Kg6 40. c5
Bb2 41. Ne5+ Kf6 42. Nxc6 Rc7 43. Nb8 Bc1+ 44. Ke4 Kg5 45. Na6 Ra7 46. c6 Bf4
47. Kf3 Bd6 48. Nb4 Bxb4 49. Rxb4 Kf6 50. Rb7 Ra6 51. c7 Rc6 52. Ke4 Rc2 53.
Kd5 Rc1 54. Ra7 Rc3 55. Rxa3 Rxc7 56. Ra4 Rc2 57. a3 Rf2 58. Rd4 h5 59. gxh5
Rf5+ 60. Kc6 Rxh5 61. a4 Kxe6 62. Kb6 Rh1 63. Rb4 Kd5 64. a5 e5 65. a6 Ra1 66.
Rb5+ Kd4 67. Ra5 Rb1+ 68. Kc6 Rb8 69. Ra4+ Kc3 70. Re4 Re8 71. a7 Re6+ 72. Kb5
Re8 73. Ra4 Ra8 74. Kc6 e4 75. Kb7 1/2-1/2

[Event "September Lviv Tradition 2016 (IM-group"]
[Site "?"]
[Date "2016.09.29"]
[Round "6.5"]
[White "Shpanko, Nadiia"]
[Black "Anwesh, Upadhyaya"]
[Result "0-1"]
[WhiteElo "2004"]
[BlackElo "2387"]
[PlyCount "142"]
[EventDate "2016.??.??"]

1. d4 d5 2. c4 c6 3. cxd5 cxd5 4. Nc3 Nc6 5. Bf4 a6 6. e3 Nf6 7. a3 Bf5 8. Bd3
Bxd3 9. Qxd3 Rc8 10. Nf3 e6 11. O-O Na5 12. Qe2 Be7 13. Nd2 O-O 14. Rfc1 Qd7
15. b3 b5 16. b4 Nc4 17. Nb3 Qc6 18. Nc5 a5 19. Ra2 Ra8 20. Rca1 Bxc5 21. dxc5
a4 22. Rc2 h6 23. Bg3 Ra7 24. h3 Rd7 25. Bh4 Ne8 26. Qf3 Nc7 27. Nxa4 Nxe3 28.
fxe3 bxa4 29. Rc4 e5 30. Rcc1 Nb5 31. Bf2 Re8 32. Qd1 Ra7 33. Qd3 Re6 34. Rd1
Rd7 35. Qc2 Nc7 36. Rab1 Rg6 37. Kh2 Re6 38. Kg1 Qb5 39. Rbc1 Qa6 40. Rd3 Qc6
41. Rb1 Rg6 42. Kh2 Re6 43. Kg1 Qb5 44. Rd2 Ra6 45. Qb2 f6 46. Qa2 Kh8 47. Qb2
Ra8 48. Rc2 Ra6 49. Rd2 Rd8 50. Rdd1 Raa8 51. Rdc1 Ra6 52. Rd1 Rc6 53. Bg3 Qb7
54. Qc2 Nb5 55. Ra1 Ra6 56. Bf2 Qc6 57. Rd2 Ra7 58. Rd3 f5 59. Qb2 Qe6 60. Rd2
Rf7 61. Qc2 Ra8 62. Qd3 Nc7 63. b5 e4 64. Qe2 Qe5 65. Rb1 Ne6 66. c6 f4 67.
exf4 Nxf4 68. Qe3 Qg5 69. Be1 Re8 70. Kh2 d4 71. Rxd4 Qxg2# 0-1

[Event "September Lviv Tradition 2016 (IM-group"]
[Site "?"]
[Date "2016.09.30"]
[Round "7.1"]
[White "Anwesh, Upadhyaya"]
[Black "Shkuran, Danylo"]
[Result "1/2-1/2"]
[WhiteElo "2387"]
[BlackElo "2449"]
[PlyCount "60"]
[EventDate "2016.??.??"]

1. d4 d5 2. Nf3 Nf6 3. c4 e6 4. Nc3 Be7 5. Bg5 h6 6. Bh4 O-O 7. e3 b6 8. Bxf6
Bxf6 9. cxd5 exd5 10. Bd3 Be6 11. O-O c5 12. dxc5 bxc5 13. Rc1 Nd7 14. Bb1 Nb6
15. Ne2 Qd6 16. Nf4 Rfd8 17. b3 Rac8 18. h3 g6 19. Nxe6 Qxe6 20. Qd2 Kg7 21.
Rfd1 Qe7 22. Bd3 Rc7 23. Bf1 d4 24. exd4 cxd4 25. Rxc7 Qxc7 26. Qc1 Qxc1 27.
Rxc1 Nd5 28. Rd1 Nc3 29. Rd2 Ne4 30. Rd1 Nc3 1/2-1/2

[Event "September Lviv Tradition 2016 (IM-group"]
[Site "?"]
[Date "2016.09.30"]
[Round "7.2"]
[White "Tokranovs, Dmitrijs"]
[Black "Shpanko, Nadiia"]
[Result "1-0"]
[WhiteElo "2265"]
[BlackElo "2004"]
[PlyCount "71"]
[EventDate "2016.??.??"]

1. e4 c5 2. c3 Nf6 3. e5 Nd5 4. Bc4 Nb6 5. Bb3 Nc6 6. Nf3 d5 7. exd6 Qxd6 8. d4
cxd4 9. cxd4 Be6 10. Nc3 Bxb3 11. Qxb3 e6 12. O-O Qb4 13. Qc2 Be7 14. Bf4 O-O
15. Rfd1 Rac8 16. Rac1 Rfd8 17. a3 Qc4 18. Be3 Bf6 19. b3 Qa6 20. Qb2 Be7 21.
b4 Nc4 22. Qe2 Qxa3 23. Nb1 Qxb4 24. Rxc4 Qd6 25. Nc3 Qb8 26. d5 exd5 27. Nxd5
Bd6 28. Rg4 Ne7 29. Qb2 Ng6 30. h4 Be5 31. Nxe5 Qxe5 32. Qxb7 Rb8 33. Qc6 Rbc8
34. Qb5 f5 35. Rgd4 f4 36. Qb3 1-0

[Event "September Lviv Tradition 2016 (IM-group)"]
[Site "Lviv"]
[Date "2016.09.30"]
[Round "7.3"]
[White "Bogdanov, Egor"]
[Black "Bykovskiy, Oleg"]
[Result "1/2-1/2"]
[WhiteElo "2411"]
[BlackElo "2312"]
[PlyCount "60"]
[EventDate "2016.09.26"]

1. e4 e5 2. d4 exd4 3. Nf3 Bb4+ 4. c3 dxc3 5. Nxc3 Nf6 6. e5 Qe7 7. Be2 Ne4 8.
Qc2 d5 9. exd6 Bxc3+ 10. bxc3 Nxd6 11. O-O O-O 12. Ng5 Bf5 13. Bd3 h6 14. Bxf5
Nxf5 15. Qxf5 hxg5 16. Rb1 b6 17. Bxg5 Qd7 18. Qf3 Qc6 19. Qh3 Na6 20. Rbd1
Rfe8 21. Be3 Rad8 22. Rxd8 Rxd8 23. Bd4 Qg6 24. Re1 c5 25. Qh4 Rf8 26. Be5 Re8
27. f3 Qf5 28. Qe4 Qxe4 29. Rxe4 f6 30. Bd6 Rxe4 $11 1/2-1/2

[Event "September Lviv Tradition 2016 (IM-group"]
[Site "?"]
[Date "2016.09.30"]
[Round "7.4"]
[White "Rozycki, Bartlomiej"]
[Black "Grekh, Andrey"]
[Result "0-1"]
[WhiteElo "2140"]
[BlackElo "2368"]
[PlyCount "80"]
[EventDate "2016.??.??"]

1. d4 Nf6 2. c4 e6 3. Nf3 b6 4. a3 Bb7 5. Nc3 d5 6. cxd5 Nxd5 7. Qc2 Be7 8. e4
Nxc3 9. bxc3 O-O 10. Bd3 c5 11. O-O cxd4 12. cxd4 Nc6 13. Bb2 Rc8 14. Qe2 Qd6
15. Qe3 Na5 16. Rfd1 Nc4 17. Bxc4 Rxc4 18. Rac1 Rxc1 19. Rxc1 f5 20. e5 Qd7 21.
Ne1 Rc8 22. Rxc8+ Qxc8 23. Qc1 Qd7 24. Qc4 Kf7 25. Nd3 a5 26. f3 Bd5 27. Qc2 g5
28. Kf2 h5 29. h4 g4 30. fxg4 hxg4 31. g3 Be4 32. Qd2 Qb5 33. Nc1 Qc4 34. Ne2
Bf3 35. Ng1 Bb7 36. Bc1 Qd5 37. Qe3 b5 38. Ne2 b4 39. axb4 Bxb4 40. Nf4 Qh1 0-1

[Event "September Lviv Tradition 2016 (IM-group"]
[Site "?"]
[Date "2016.09.30"]
[Round "7.5"]
[White "Rydstrom, Tom"]
[Black "Bondarets, Vadim"]
[Result "1-0"]
[WhiteElo "2307"]
[BlackElo "2279"]
[PlyCount "51"]
[EventDate "2016.??.??"]

1. e4 d6 2. d4 Nf6 3. Nc3 c6 4. Be3 Qb6 5. Qc1 Ng4 6. Bc4 g6 7. Nf3 Nxe3 8.
Qxe3 Bg7 9. O-O-O Qc7 10. h4 h5 11. Ng5 e6 12. f4 b5 13. Bd3 Na6 14. f5 f6 15.
e5 fxg5 16. f6 Bf8 17. Bxg6+ Kd8 18. hxg5 b4 19. Ne2 Qa5 20. Rxh5 Rxh5 21. Bxh5
Bd7 22. g6 Kc7 23. g7 Bxg7 24. fxg7 Rg8 25. Qg5 Qxa2 26. Bf7 1-0

[Event "September Lviv Tradition 2016 (IM-group"]
[Site "?"]
[Date "2016.09.30"]
[Round "7.6"]
[White "Goluch, Piotr"]
[Black "Soroka, Danylo"]
[Result "1-0"]
[WhiteElo "2330"]
[BlackElo "2235"]
[PlyCount "101"]
[EventDate "2016.??.??"]

1. Nf3 d5 2. g3 Nf6 3. Bg2 e6 4. O-O Be7 5. c4 O-O 6. cxd5 exd5 7. d4 Nbd7 8.
Nc3 c6 9. Qc2 Re8 10. Bf4 Nf8 11. Rab1 g6 12. Rbd1 Bf5 13. Qc1 Ne4 14. Ne5 f6
15. Nd3 Ne6 16. Be3 Qa5 17. Nb1 Nd6 18. Na3 Bf8 19. b4 Qd8 20. b5 Qd7 21. bxc6
bxc6 22. Qc2 Ne4 23. Nb1 N6g5 24. Bxg5 Nxg5 25. h4 Ne4 26. Nd2 Nd6 27. Rfe1
Rac8 28. Qa4 Bh3 29. Bh1 Bh6 30. Nc5 Qf5 31. e4 Qh5 32. Qxa7 Bg4 33. f3 Bxd2
34. Rxd2 Bxf3 35. Nd7 Rf8 36. Nxf8 Rxf8 37. exd5 Qg4 38. Kh2 Bxh1 39. Rxh1 Ne4
40. Rg2 Re8 41. Re1 cxd5 42. Qc7 Rc8 43. Qb7 Qf5 44. a4 Nxg3 45. Rxg3 Qf2+ 46.
Kh3 Qf5+ 47. Kg2 Rc2+ 48. Kh1 Re2 49. Qb8+ Kg7 50. Qc7+ Kh6 51. Qc1+ 1-0

[Event "September Lviv Tradition 2016 (IM-group"]
[Site "?"]
[Date "2016.09.30"]
[Round "8.1"]
[White "Shkuran, Danylo"]
[Black "Soroka, Danylo"]
[Result "1-0"]
[WhiteElo "2449"]
[BlackElo "2235"]
[PlyCount "87"]
[EventDate "2016.??.??"]

1. Nf3 d5 2. g3 Nf6 3. Bg2 e6 4. O-O Be7 5. d3 b6 6. Nbd2 Bb7 7. e4 dxe4 8. Ng5
O-O 9. Ngxe4 Qc8 10. Nxf6+ Bxf6 11. Ne4 Be7 12. h4 Nd7 13. Bg5 Re8 14. Bxe7
Rxe7 15. d4 b5 16. a4 b4 17. a5 Bd5 18. a6 Rb8 19. Qd3 Rb6 20. c4 bxc3 21. bxc3
Rc6 22. Rfb1 Nb6 23. Ng5 g6 24. Ne4 Kg7 25. Qe3 Nd7 26. c4 Bxe4 27. Bxe4 Rxa6
28. Bb7 Rxa1 29. Bxc8 Rxb1+ 30. Kg2 Nb6 31. Ba6 f6 32. d5 Ra1 33. Bb5 a6 34.
Bc6 Nc8 35. dxe6 Nd6 36. Bd7 a5 37. Qc5 a4 38. Qxc7 Rd1 39. Qc5 Rd2 40. Qa3 Rd4
41. c5 Ne8 42. c6 Kf8 43. Qc5 Rd6 44. c7 1-0

[Event "September Lviv Tradition 2016 (IM-group"]
[Site "?"]
[Date "2016.09.30"]
[Round "8.2"]
[White "Bondarets, Vadim"]
[Black "Goluch, Piotr"]
[Result "0-1"]
[WhiteElo "2279"]
[BlackElo "2330"]
[PlyCount "92"]
[EventDate "2016.??.??"]

1. Nf3 d5 2. d4 Nf6 3. Bf4 g6 4. h3 Bg7 5. e3 O-O 6. Bd3 c5 7. c3 Nc6 8. Nbd2
Nd7 9. O-O e5 10. dxe5 Ndxe5 11. Bc2 b6 12. Nxe5 Nxe5 13. Nf3 Nc4 14. Qc1 Bb7
15. Rd1 Qe7 16. Bb3 Rfd8 17. Bxc4 dxc4 18. Rxd8+ Rxd8 19. Qf1 Qe4 20. Rd1 Rd3
21. Nd2 Qd5 22. e4 Qd7 23. Qe2 Qa4 24. Re1 h6 25. e5 Qc6 26. Ne4 Qxe4 27. Qxe4
Bxe4 28. Rxe4 g5 29. Bg3 Rd1+ 30. Kh2 Rd2 31. b3 cxb3 32. axb3 Rd3 33. Rc4 h5
34. h4 gxh4 35. Rxh4 Rxc3 36. b4 cxb4 37. Rxb4 Bf8 38. Rd4 Rc8 39. f4 a5 40. f5
Ra8 41. Rh4 a4 42. Rxh5 a3 43. e6 f6 44. Be1 Bd6+ 45. Kh3 a2 46. Bc3 Ra3 0-1

[Event "September Lviv Tradition 2016 (IM-group"]
[Site "?"]
[Date "2016.09.30"]
[Round "8.4"]
[White "Grekh, Andrey"]
[Black "Rydstrom, Tom"]
[Result "1-0"]
[WhiteElo "2368"]
[BlackElo "2307"]
[PlyCount "131"]
[EventDate "2016.??.??"]

1. e4 e5 2. Nf3 Nc6 3. Bc4 Bc5 4. c3 Nf6 5. b4 Bb6 6. d3 d6 7. O-O O-O 8. Nbd2
Ne7 9. Bb3 c6 10. Nc4 Bc7 11. Bg5 Ng6 12. Nh4 Nf4 13. Qf3 h6 14. Bxf6 Qxf6 15.
g3 Nh3+ 16. Kg2 Qxf3+ 17. Nxf3 Ng5 18. Nxg5 hxg5 19. Rh1 g4 20. Bd1 g6 21. a4
f5 22. Ne3 Be6 23. a5 Kg7 24. Rf1 d5 25. Bb3 Rad8 26. b5 f4 27. Nc2 f3+ 28. Kg1
Rh8 29. Rfb1 Bc8 30. bxc6 bxc6 31. exd5 cxd5 32. Ne3 d4 33. cxd4 exd4 34. Nd5
Bd6 35. Re1 Rh3 36. Nf4 Bxf4 37. Re7+ Kh8 38. gxf4 Rh7 39. Rae1 Rxe7 40. Rxe7
Ba6 41. h3 Bxd3 42. hxg4 Bb5 43. Rxa7 d3 44. Rb7 Bc6 45. Rb6 Be4 46. Kh2 d2 47.
Bd1 Kg7 48. a6 Rh8+ 49. Kg1 Rd8 50. Rb2 Kf7 51. Kh2 Ke7 52. Kg3 Rd6 53. a7 Kd7
54. Rb8 Ra6 55. Rb4 Ba8 56. Rd4+ Rd6 57. Rxd6+ Kxd6 58. Kh4 Kc5 59. f5 gxf5 60.
gxf5 Kd6 61. Kg5 Ke7 62. f6+ Kf8 63. Kf4 Kf7 64. Ke3 Kxf6 65. Kxd2 Ke7 66. Ke3
1-0

[Event "September Lviv Tradition 2016 (IM-group"]
[Site "?"]
[Date "2016.09.30"]
[Round "8.5"]
[White "Bykovskiy, Oleg"]
[Black "Rozycki, Bartlomiej"]
[Result "1/2-1/2"]
[WhiteElo "2312"]
[BlackElo "2140"]
[PlyCount "133"]
[EventDate "2016.??.??"]

1. d4 Nf6 2. Nc3 d5 3. Bf4 e6 4. e3 Bd6 5. Nf3 b6 6. Ne5 Ba6 7. Nb5 Nfd7 8. Nc6
Nxc6 9. Nxd6+ cxd6 10. Bxa6 Qc7 11. O-O O-O 12. c3 e5 13. dxe5 dxe5 14. Bg3 Nc5
15. Bb5 Ne7 16. c4 dxc4 17. Bxc4 Nf5 18. Rc1 Nxg3 19. fxg3 Qe7 20. Qf3 e4 21.
Qf5 Rad8 22. Rcd1 g6 23. Qg4 Nd3 24. Qe2 Qd6 25. g4 Qd7 26. g5 b5 27. Bb3 Qe7
28. Qg4 a5 29. a3 a4 30. Ba2 Qe5 31. Rd2 Rde8 32. Qd7 Re7 33. Qd5 Qxd5 34. Bxd5
Re5 35. Bxe4 Nxb2 36. Rxb2 Rxe4 37. Rf3 Rc8 38. Rxb5 Rc7 39. Ra5 Rb7 40. h3 Rc4
41. Kf2 Kg7 42. g4 h6 43. gxh6+ Kxh6 44. Kg3 Kg7 45. Rf4 Rc3 46. Re4 Rxa3 47.
Raxa4 Rxa4 48. Rxa4 g5 49. h4 gxh4+ 50. Kxh4 Kg6 51. Kg3 Rb1 52. Rf4 Rg1+ 53.
Kf3 Ra1 54. Rf5 Rf1+ 55. Ke4 Rg1 56. Kf4 Rf1+ 57. Ke5 Rg1 58. Rf6+ Kg7 59. Rf4
Ra1 60. Rf2 f6+ 61. Kf4 Kg6 62. e4 Ra5 63. Rb2 Ra1 64. Rb6 Rf1+ 65. Kg3 Re1 66.
Kf3 Kg5 67. Rb5+ 1/2-1/2

[Event "September Lviv Tradition 2016 (IM-group)"]
[Site "Lviv"]
[Date "2016.09.30"]
[Round "8.5"]
[White "Shpanko, Nadiia"]
[Black "Bogdanov, Egor"]
[Result "0-1"]
[WhiteElo "2004"]
[BlackElo "2411"]
[PlyCount "60"]
[EventDate "2016.09.26"]

1. e4 c5 2. Nf3 g6 3. d4 cxd4 4. Nxd4 Bg7 5. Be3 Nf6 6. Nc3 O-O 7. Bc4 Nc6 8.
Nxc6 dxc6 9. e5 Ng4 10. e6 f5 11. Qe2 Nxe3 12. Qxe3 f4 13. Qe4 Qd4 14. Qxd4
Bxd4 15. O-O b5 16. Bb3 Bxc3 17. bxc3 c5 18. Bd5 Rb8 19. Rab1 Rb6 20. Rfe1 Rf5
21. Rbd1 Rd6 22. c4 Kg7 23. Be4 Re5 24. f3 bxc4 25. Rb1 Bxe6 26. Rb7 Kf6 27.
Rxa7 Rd2 28. Kf1 Rg5 29. g4 fxg3 30. h4 Rh5 0-1

[Event "September Lviv Tradition 2016 (IM-group"]
[Site "?"]
[Date "2016.09.30"]
[Round "8.6"]
[White "Anwesh, Upadhyaya"]
[Black "Tokranovs, Dmitrijs"]
[Result "1-0"]
[WhiteElo "2387"]
[BlackElo "2265"]
[PlyCount "81"]
[EventDate "2016.??.??"]

1. c4 c6 2. Nf3 d5 3. g3 Nf6 4. Bg2 g6 5. b3 Bg7 6. Bb2 O-O 7. O-O Nbd7 8. Qc2
Re8 9. Nc3 e5 10. cxd5 Nxd5 11. Rac1 N7f6 12. d3 Nxc3 13. Qxc3 Nd5 14. Qc2 a5
15. Rfd1 a4 16. a3 axb3 17. Qxb3 Nb6 18. Rb1 Na4 19. Ba1 Qe7 20. Rdc1 Ra6 21.
Nd2 Bh6 22. e3 Nb6 23. Ne4 Na4 24. Qb4 Qe6 25. d4 Bf8 26. Qb3 exd4 27. Bxd4 Bg7
28. Qb4 Rd8 29. Rd1 Rf8 30. Bxg7 Kxg7 31. Rd6 Qe5 32. f4 Qf5 33. Qd4+ Kh6 34.
Rc1 Be6 35. h3 c5 36. Nxc5 Nxc5 37. Rxc5 Qb1+ 38. Kh2 Rxd6 39. Qxd6 Kg7 40. Rc7
b5 41. Qxe6 1-0

[Event "September Lviv Tradition 2016 (IM-group"]
[Site "?"]
[Date "2016.10.01"]
[Round "9.1"]
[White "Tokranovs, Dmitrijs"]
[Black "Shkuran, Danylo"]
[Result "0-1"]
[WhiteElo "2265"]
[BlackElo "2449"]
[PlyCount "58"]
[EventDate "2016.??.??"]

1. e4 c5 2. c3 d5 3. exd5 Qxd5 4. d4 Nf6 5. Nf3 e6 6. Be2 Be7 7. c4 Qd8 8. O-O
O-O 9. Nc3 cxd4 10. Nxd4 a6 11. Be3 Qc7 12. Qb3 Nbd7 13. Rfd1 b6 14. Rac1 Bb7
15. a3 Rac8 16. Qa2 Rfd8 17. h3 Bd6 18. b4 Nf8 19. Na4 Bh2+ 20. Kh1 Bf4 21. Qb3
Ng6 22. Bf3 e5 23. Bxb7 Bxe3 24. Bxc8 Bxc1 25. Bxa6 exd4 26. Rxc1 Qf4 27. Qb2
Ne4 28. Re1 Nxf2+ 29. Kg1 Nd3 0-1

[Event "September Lviv Tradition 2016 (IM-group)"]
[Site "Lviv"]
[Date "2016.10.01"]
[Round "9.3"]
[White "Rozycki, Bartlomiej"]
[Black "Shpanko, Nadiia"]
[Result "1-0"]
[WhiteElo "2140"]
[BlackElo "2004"]
[PlyCount "41"]
[EventDate "2016.09.26"]

1. d4 Nf6 2. c4 e6 3. Nf3 Bb4+ 4. Nbd2 b6 5. a3 Bxd2+ 6. Qxd2 Bb7 7. b4 d6 8.
e3 Ne4 9. Qc2 Nd7 10. Bd3 f5 11. O-O O-O 12. d5 exd5 13. Nd4 dxc4 14. Bxc4+ d5
15. Ne6 Qf6 16. Nxf8 dxc4 17. Nxd7 Qxa1 18. Qxc4+ Kh8 19. Qxc7 Rc8 20. Qxb7 Nd6
21. Qd5 1-0

[Event "September Lviv Tradition 2016 (IM-group"]
[Site "?"]
[Date "2016.10.01"]
[Round "9.3"]
[White "Rydstrom, Tom"]
[Black "Bykovskiy, Oleg"]
[Result "1/2-1/2"]
[WhiteElo "2307"]
[BlackElo "2312"]
[PlyCount "36"]
[EventDate "2016.??.??"]

1. e4 e5 2. Nf3 Nf6 3. Nxe5 d6 4. Nf3 Nxe4 5. Nc3 Nxc3 6. dxc3 Be7 7. Be3 O-O
8. Qd2 Nd7 9. O-O-O Ne5 10. Kb1 c6 11. Bd4 Qa5 12. h4 Be6 13. b3 Bf6 14. Ng5
Bf5 15. Qf4 Bxc2+ 16. Kxc2 Qxa2+ 17. Kc1 Qa1+ 18. Kc2 Qa2+ 1/2-1/2